[Event "Junior Online 4NCL Division 5"]
[Site "online"]
[Date "2021.04.15"]
[EventDate "2021.04.15"]
[Round "7.302"]
[White "Rolletta, Giuseppe"]
[WhiteElo "1137"]
[WhiteTeam "Golden Falcons 2"]
[Black "Song, Meilin"]
[BlackElo "910"]
[BlackTeam "Surrey Kings 6"]
[Result "0-1"]
[PlyCount "66"]

1. e4 e5 2. Nc3 Nf6 3. Nf3 Nc6 4. Bc4 Bc5 5. Bb5 O-O 6. Bc4 Ng4 7. O-O Nxf2 8. Qe1 Ng4+ 9. Kh1 Bf2 10. Qd1 Bd4 11. Nb5 Nf2+ 12. Rxf2 Bxf2 13. c3 d6 14. Qb3 Bg4 15. Ng5 Qxg5 16. d3 a6 17. Bxg5 axb5 18. Bxb5 Na5 19. Qb4 Nc6 20. Qc4 Na5 21. Qxc7 Rac8 22. Qxa5 h6 23. Be3 Rfe8 24. Bxe8 Rxe8 25. Qb5 Re6 26. Qxb7 Bxe3 27. Qb8+ Kh7 28. Rf1 Be2 29. Rxf7 Bxd3 30. Rf8 Rf6 31. Rh8+ Kg6 32. Qe8+ Kg5 33. Rg8 Rf1# 0-1

[Event "Junior Online 4NCL Division 5"]
[Site "online"]
[Date "2021.04.15"]
[EventDate "2021.04.15"]
[Round "7.303"]
[White "Cole, Ted"]
[WhiteElo "850"]
[WhiteTeam "Surrey Kings 6"]
[Black "Masterskikh, Elena"]
[BlackElo "870"]
[BlackTeam "Golden Falcons 2"]
[Result "0-1"]
[PlyCount "94"]

1. e4 e5 2. Nc3 f6 3. Nf3 c6 4. d3 d5 5. exd5 cxd5 6. d4 e4 7. Qe2 g5 8. Nd2 h5 9. Qb5+ Nc6 10. Nxd5 Rb8 11. Be2 a6 12. Qb6 Qxb6 13. Nxb6 Bg4 14. Bxg4 hxg4 15. O-O f5 16. Ndc4 Nxd4 17. Bxg5 Nxc2 18. Rac1 Nb4 19. Bf4 Rd8 20. a3 Na2 21. Rcd1 Rxd1 22. Rxd1 Nc3 23. Rd7 Ne2+ 24. Kf1 Nxf4 25. Rxb7 Nf6 26. g3 Nd3 27. Rb8+ Ke7 28. Ra8 Rxh2 29. Ra7+ Ke6 30. Rxa6 Rxf2+ 31. Kg1 Bc5 32. Na4+ Kd5 33. Nxc5 Kxc5 34. Ne5 Nd5 35. Nxd3+ exd3 36. Kxf2 Kd4 37. Ke1 Ne3 38. Kd2 Nf1+ 39. Ke1 Nxg3 40. a4 Ke3 41. Re6+ Ne4 42. Re5 f4 43. a5 d2+ 44. Kd1 f3 45. a6 f2 46. a7 f1=Q+ 47. Kc2 d1=Q# 0-1

[Event "Junior Online 4NCL Division 5"]
[Site "online"]
[Date "2021.04.15"]
[EventDate "2021.04.15"]
[Round "7.304"]
[White "Masterskikh, Luka"]
[WhiteElo "500"]
[WhiteTeam "Golden Falcons 2"]
[Black "Saraty, Thomas"]
[BlackElo "865"]
[BlackTeam "Surrey Kings 6"]
[Result "1/2-1/2"]
[PlyCount "209"]

1. d4 Nc6 2. Nf3 Nf6 3. c3 e6 4. Bf4 Bd6 5. Bg3 Bxg3 6. fxg3 O-O 7. e3 Ne7 8. Be2 d5 9. Nbd2 Bd7 10. Bd3 Ng4 11. Bb1 Nxe3 12. Qc1 Nxg2+ 13. Kf1 Ne3+ 14. Kf2 N3f5 15. Qc2 g6 16. Ng5 f6 17. h3 fxg5 18. h4 gxh4 19. gxh4 Bc6 20. Rh2 Qd6 21. Rh3 Qd7 22. h5 Ba4 23. Qc1 gxh5 24. Rxh5 Ng7+ 25. Kg3 Nxh5+ 26. Kg4 Ng7 27. b3 Bc6 28. Qc2 e5+ 29. Kg3 exd4 30. Qxh7+ Kf7 31. Nf3 Ke6 32. Ng5+ Kf6 33. Qh6+ Ke5 34. Nf3+ Rxf3+ 35. Kxf3 Ng8 36. Qh2+ Kf6 37. Qh4+ Kf7 38. Qf4+ Qf5 39. Bxf5 Nh5 40. Qxc7+ Kf6 41. Kg4 Ng7 42. Qg3 Nxf5 43. Qf2 Re8 44. Qxf5+ Ke7 45. Re1+ Kd8 46. Qg5+ Ne7 47. cxd4 Rg8 48. Re6 Rxg5+ 49. Kxg5 b5 50. Rf6 a5 51. Rf8+ Be8 52. a3 b4 53. axb4 axb4 54. Kf6 Nc6 55. Ke6 Nxd4+ 56. Kxd5 Nxb3 57. Rf6 Na5 58. Rd6+ Bd7 59. Rb6 b3 60. Rb8+ Bc8 61. Kd6 Nc4+ 62. Kc5 Nd2 63. Kd4 Ke7 64. Kd3 b2 65. Rxb2 Nf3 66. Rb8 Kd8 67. Ke3 Ne5 68. Ke4 Nd7 69. Rb4 Nc5+ 70. Kd4 Na6 71. Rc4 Nc7 72. Ke5 Ba6 73. Rc6 Bb7 74. Rb6 Bc8 75. Rd6+ Bd7 76. Rf6 Ne8 77. Rb6 Nc7 78. Rb8+ Bc8 79. Rb1 Be6 80. Kf6 Kd7 81. Rd1+ Ke8 82. Rh1 Bd5 83. Rh8+ Kd7 84. Rh7+ Kc6 85. Ke5 Ne6 86. Rh8 Nc7 87. Kd4 Nb5+ 88. Ke5 Nc7 89. Rh6+ Be6 90. Rh1 Bd5 91. Rc1+ Kd7 92. Kf6 Be6 93. Ke5 Nb5 94. Rb1 Nc3 95. Rb7+ Kc6 96. Re7 Bc8 97. Rh7 Bb7 98. Rh6+ Kc7 99. Rh7+ Kc8 100. Rh8+ Kc7 101. Rh7+ Kc6 102. Rh6+ Kb5 103. Rh7 Be4 104. Kd4 Bxh7 105. Kxc3 1/2-1/2

[Event "Junior Online 4NCL Division 5"]
[Site "online"]
[Date "2021.04.15"]
[EventDate "2021.04.15"]
[Round "7.305"]
[White "Rolletta, Sofia"]
[WhiteElo "1218"]
[WhiteTeam "Golden Falcons 2"]
[Black "Liu, Reuben"]
[BlackElo "840"]
[BlackTeam "Surrey Kings 6"]
[Result "1-0"]
[PlyCount "55"]

1. d4 e6 2. e4 d5 3. e5 c5 4. c3 c4 5. Qa4+ Bd7 6. Qd1 Nc6 7. b3 cxb3 8. Qxb3 Be7 9. Qxb7 Rb8 10. Qa6 Bh4 11. Qe2 Nge7 12. g3 Bxg3 13. hxg3 Nf5 14. Bg2 O-O 15. Be3 Nxe3 16. Qxe3 Rb2 17. Ne2 f6 18. f4 fxe5 19. fxe5 Qa5 20. Nf4 g5 21. Nh5 Rxg2 22. Nf6+ Rxf6 23. exf6 Qb5 24. Na3 Qa4 25. Qxg5+ Kf7 26. Qg7+ Ke8 27. f7+ Ke7 28. f8=Q# 1-0

[Event "Junior Online 4NCL Division 5"]
[Site "online"]
[Date "2021.04.15"]
[EventDate "2021.04.15"]
[Round "7.306"]
[White "Song, Meilin"]
[WhiteElo "910"]
[WhiteTeam "Surrey Kings 6"]
[Black "Rolletta, Giuseppe"]
[BlackElo "1137"]
[BlackTeam "Golden Falcons 2"]
[Result "0-1"]
[PlyCount "78"]

1. e4 e5 2. Nf3 Nf6 3. Nc3 Nc6 4. Bc4 Bc5 5. O-O O-O 6. d3 d6 7. Bg5 Bg4 8. h3 h6 9. Nd5 Nd4 10. hxg4 hxg5 11. Nxf6+ gxf6 12. Nxd4 Bxd4 13. Rb1 Qd7 14. Bd5 Kg7 15. Bxb7 Rab8 16. Bd5 Rh8 17. c3 Rh7 18. cxd4 Rbh8 19. g3 Rh1+ 20. Kg2 R1h2+ 21. Kg1 R8h7 22. b3 Qe8 23. Rc1 Qh8 24. f3 Rh1+ 25. Kf2 R1h2+ 26. Ke1 Rh1 27. f4 R7h2 28. fxe5 dxe5 29. dxe5 fxe5 30. Rc2 Rh3 31. Rg2 Qb8 32. Rgg1 Qb4+ 33. Ke2 R1h2+ 34. Ke3 Qe7 35. Rh1 Qa3 36. Rxh2 Rxh2 37. Rf5 Qxa2 38. Rxg5+ Kh6 39. Rxe5 Qf2# 0-1

[Event "Junior Online 4NCL Division 5"]
[Site "online"]
[Date "2021.04.15"]
[EventDate "2021.04.15"]
[Round "7.307"]
[White "Masterskikh, Elena"]
[WhiteElo "870"]
[WhiteTeam "Golden Falcons 2"]
[Black "Cole, Ted"]
[BlackElo "850"]
[BlackTeam "Surrey Kings 6"]
[Result "1/2-1/2"]
[PlyCount "147"]

1. e4 e5 2. f3 Nf6 3. c3 d6 4. d4 exd4 5. cxd4 Nc6 6. d5 Nb4 7. a3 Na6 8. b4 Nb8 9. g4 c6 10. Nc3 cxd5 11. exd5 h5 12. h4 hxg4 13. fxg4 Nxg4 14. Qe2+ Qe7 15. Qxe7+ Bxe7 16. Bb5+ Bd7 17. Bxd7+ Nxd7 18. Nb5 O-O 19. Nc7 Bf6 20. Nxa8 Bxa1 21. Nc7 Bd4 22. Nf3 Bb6 23. Nb5 Be3 24. Bxe3 Nxe3 25. Nxa7 Ne5 26. Nxe5 dxe5 27. Nb5 Ra8 28. Nd6 Nc2+ 29. Kd2 Nxa3 30. Nf5 Nc4+ 31. Kd3 Nb2+ 32. Kc3 Na4+ 33. Kd3 g6 34. Ne7+ Kg7 35. d6 Nb2+ 36. Kc3 Na4+ 37. Kd3 Nb6 38. h5 gxh5 39. Rxh5 Ra3+ 40. Ke4 f6 41. Nf5+ Kg6 42. Rh8 Rb3 43. Ne7+ Kg7 44. Rg8+ Kf7 45. Rb8 Rxb4+ 46. Kf5 Rd4 47. Rxb7 Rxd6 48. Nc8+ Ke8 49. Nxd6+ Kd8 50. Rxb6 Kc7 51. Rb1 Kxd6 52. Kxf6 e4 53. Rd1+ Kc5 54. Re1 Kd4 55. Rd1+ Ke3 56. Rd6 Kf3 57. Kf5 e3 58. Rd3 Kf2 59. Kf4 e2 60. Rf3+ Ke1 61. Ke3 Kd1 62. Rf2 e1=Q+ 63. Kf3 Qc3+ 64. Kg2 Ke1 65. Rf1+ Ke2 66. Rf2+ Ke1 67. Rf1+ Kd2 68. Rf2+ Kc1 69. Rf1+ Kc2 70. Rf2+ Kb1 71. Rf1+ Ka2 72. Rf3 Qd2+ 73. Rf2 Qxf2+ 74. Kxf2 1/2-1/2

[Event "Junior Online 4NCL Division 5"]
[Site "online"]
[Date "2021.04.15"]
[EventDate "2021.04.15"]
[Round "7.308"]
[White "Saraty, Thomas"]
[WhiteElo "865"]
[WhiteTeam "Surrey Kings 6"]
[Black "Masterskikh, Luka"]
[BlackElo "500"]
[BlackTeam "Golden Falcons 2"]
[Result "0-1"]
[PlyCount "36"]

1. e4 e5 2. Nf3 Nc6 3. Bb5 Bc5 4. Bxc6 bxc6 5. Nxe5 f6 6. Nf3 Rb8 7. d4 Bb4+ 8. Bd2 a5 9. Bxb4 axb4 10. c3 Qe7 11. cxb4 Rxb4 12. O-O Qxe4 13. Qd2 Rc4 14. Qc1 Rxc1 15. Rxc1 Qg6 16. Ne5 Qg5 17. Nf3 Qxc1+ 18. Ne1 Qxe1# 0-1

[Event "Junior Online 4NCL Division 5"]
[Site "online"]
[Date "2021.04.15"]
[EventDate "2021.04.15"]
[Round "7.311"]
[White "Barrio, Ricardo"]
[WhiteElo "1075"]
[WhiteTeam "Ojays H"]
[Black "Gardner, Oliver"]
[BlackElo "731"]
[BlackTeam "Surrey Kings 7"]
[Result "1-0"]
[PlyCount "49"]

1. e4 e5 2. Nf3 Nf6 3. Nxe5 Qe7 4. Nf3 Qxe4+ 5. Be2 d5 6. Nc3 Qe7 7. d3 Bg4 8. Bg5 d4 9. Nxd4 c5 10. Nf3 Qe6 11. O-O Be7 12. d4 cxd4 13. Nxd4 Ne4 14. Nxe6 fxe6 15. Bxe7 Bxe2 16. Qxe2 Nxc3 17. bxc3 Nc6 18. Bc5 b6 19. Bb4 a5 20. Bd6 Rd8 21. Rad1 Na7 22. Qh5+ g6 23. Qe5 Rf8 24. Qg7 Rf5 25. Qe7# 1-0

[Event "Junior Online 4NCL Division 5"]
[Site "online"]
[Date "2021.04.15"]
[EventDate "2021.04.15"]
[Round "7.312"]
[White "Salguero, Francisco Javier"]
[WhiteElo "786"]
[WhiteTeam "Surrey Kings 7"]
[Black "Conlon, George"]
[BlackElo "925"]
[BlackTeam "Ojays H"]
[Result "0-1"]
[PlyCount "46"]

1. e4 d5 2. exd5 Nf6 3. d6 Bg4 4. f3 Bh5 5. Bb5+ c6 6. Bf1 exd6 7. Qe2+ Be7 8. g4 Bg6 9. d4 O-O 10. Bd2 Re8 11. Nc3 d5 12. O-O-O Bb4 13. Nb1 Rxe2 14. Bxe2 Bxd2+ 15. Rxd2 Qa5 16. f4 Qxa2 17. Bf3 Na6 18. Nc3 Qa1+ 19. Nb1 Nb4 20. c3 Na2+ 21. Kd1 Re8 22. Ne2 Qxb1+ 23. Nc1 Qxc1# 0-1

[Event "Junior Online 4NCL Division 5"]
[Site "online"]
[Date "2021.04.15"]
[EventDate "2021.04.15"]
[Round "7.313"]
[White "Barrio Lopez, Carlos"]
[WhiteElo "918"]
[WhiteTeam "Ojays H"]
[Black "Vynnytskyy, Maxim"]
[BlackElo "200"]
[BlackTeam "Surrey Kings 7"]
[Result "1-0"]
[PlyCount "23"]

1. e4 e5 2. Nf3 Nc6 3. Nc3 Bc5 4. Bc4 Nf6 5. d3 d6 6. Bg5 O-O 7. Nh4 h6 8. Nf5 hxg5 9. d4 exd4 10. Qg4 dxc3 11. Qxg5 cxb2 12. Qxg7# 1-0

[Event "Junior Online 4NCL Division 5"]
[Site "online"]
[Date "2021.04.15"]
[EventDate "2021.04.15"]
[Round "7.314"]
[White "Liu, Kieron"]
[WhiteElo "134"]
[WhiteTeam "Surrey Kings 7"]
[Black "Simon, Logan"]
[BlackElo "900"]
[BlackTeam "Ojays H"]
[Result "1-0"]
[PlyCount "63"]

1. e4 e5 2. Nf3 d6 3. Nc3 d5 4. exd5 e4 5. Nd4 Bg4 6. Qxg4 Nc6 7. dxc6 bxc6 8. Nxc6 Qd7 9. Qxe4+ Qe6 10. Qxe6+ fxe6 11. d4 Bb4 12. Nxb4 Rd8 13. Nb5 Rxd4 14. Nxd4 g5 15. Nxe6 c5 16. Nxc5 Nf6 17. Bxg5 Ne4 18. Nxe4 O-O 19. Nf6+ Rxf6 20. Bxf6 a5 21. O-O-O axb4 22. Rd8+ Kf7 23. Bg5 Kg6 24. a3 Kxg5 25. axb4 h5 26. b5 h4 27. b6 Kg4 28. b7 h3 29. gxh3+ Kf3 30. b8=Q Kxf2 31. Qf4+ Ke1 32. Qe3# 1-0

[Event "Junior Online 4NCL Division 5"]
[Site "online"]
[Date "2021.04.15"]
[EventDate "2021.04.15"]
[Round "7.315"]
[White "Gardner, Oliver"]
[WhiteElo "731"]
[WhiteTeam "Surrey Kings 7"]
[Black "Barrio, Ricardo"]
[BlackElo "1075"]
[BlackTeam "Ojays H"]
[Result "0-1"]
[PlyCount "28"]

1. e4 e5 2. Nf3 Nc6 3. d4 Bb4+ 4. c3 Ba5 5. b4 Bb6 6. Bc4 Nf6 7. dxe5 Ng4 8. O-O d6 9. Ng5 Ncxe5 10. Bxf7+ Kf8 11. Be6 Qxg5 12. Bxc8 Qh4 13. Bxg4 Nxg4 14. g3 Qxh2# 0-1

[Event "Junior Online 4NCL Division 5"]
[Site "online"]
[Date "2021.04.15"]
[EventDate "2021.04.15"]
[Round "7.316"]
[White "Conlon, George"]
[WhiteElo "925"]
[WhiteTeam "Ojays H"]
[Black "Salguero, Francisco Javier"]
[BlackElo "786"]
[BlackTeam "Surrey Kings 7"]
[Result "1-0"]
[PlyCount "95"]

1. e4 e5 2. Nf3 d6 3. Bc4 Nf6 4. Ng5 Nxe4 5. Nxe4 d5 6. Bxd5 Qxd5 7. Nec3 Qd8 8. O-O Be6 9. Re1 Bc5 10. Rxe5 Qd6 11. Qh5 g6 12. Qg5 f6 13. Qxf6 Rf8 14. Rxe6+ Kd7 15. Rxd6+ cxd6 16. Qxf8 d5 17. d3 Bxf8 18. Nxd5 Nc6 19. Nf6+ Ke7 20. Nxh7 Bg7 21. Nc3 Kf7 22. Ng5+ Kf6 23. Nge4+ Kf5 24. Nd6+ Kg4 25. Nxb7 Re8 26. Bd2 Bxc3 27. Bxc3 Ne5 28. Re1 a5 29. Rxe5 Rf8 30. Bxa5 Rf5 31. Rxf5 gxf5 32. f3+ Kh4 33. Kf2 f4 34. Nc5 Kg5 35. Ne6+ Kh4 36. Nxf4 Kg5 37. c4 Kxf4 38. c5 Ke5 39. c6 Kd6 40. c7 Kd7 41. h4 Kc8 42. h5 Kb7 43. h6 Kc6 44. h7 Kb5 45. c8=Q Kxa5 46. h8=Q Ka4 47. Qb7 Ka5 48. Qha8# 1-0

[Event "Junior Online 4NCL Division 5"]
[Site "online"]
[Date "2021.04.15"]
[EventDate "2021.04.15"]
[Round "7.318"]
[White "Simon, Logan"]
[WhiteElo "900"]
[WhiteTeam "Ojays H"]
[Black "Liu, Kieron"]
[BlackElo "134"]
[BlackTeam "Surrey Kings 7"]
[Result "0-1"]
[PlyCount "38"]

1. e4 e5 2. d3 Nc6 3. f4 f6 4. fxe5 fxe5 5. d4 exd4 6. Bc4 d5 7. Bxd5 Nge7 8. Bxc6+ Nxc6 9. e5 Bb4+ 10. c3 dxc3 11. Nxc3 Qxd1+ 12. Kxd1 O-O 13. Bf4 Rxf4 14. e6 Bxe6 15. Nge2 Rg4 16. Nf4 Rxf4 17. Ke1 Bc5 18. Ne4 Rxe4+ 19. Kf1 Bc4# 0-1

[Event "Junior Online 4NCL Division 5"]
[Site "online"]
[Date "2021.04.15"]
[EventDate "2021.04.15"]
[Round "7.321"]
[White "Chandrashekhar, Prithvi"]
[WhiteElo "1000"]
[WhiteTeam "MCS Tenners B"]
[Black "Choung, James Alexander"]
[BlackElo "900"]
[BlackTeam "Young Dragons D"]
[Result "0-1"]
[PlyCount "32"]

1. e4 e5 2. Bc4 Nf6 3. g3 Nc6 4. Qf3 Nd4 5. Qd3 Bc5 6. Qe3 Nxc2+ 7. Ke2 Nxe3 8. fxe3 Nxe4 9. h4 Nxg3+ 10. Kf2 Nxh1+ 11. Kg2 Qxh4 12. Nf3 Qf2+ 13. Kxh1 Qxf3+ 14. Kg1 d6 15. Nc3 Bh3 16. Kh2 Qg2# 0-1

[Event "Junior Online 4NCL Division 5"]
[Site "online"]
[Date "2021.04.15"]
[EventDate "2021.04.15"]
[Round "7.322"]
[White "Dafydd, Cai"]
[WhiteElo "900"]
[WhiteTeam "Young Dragons D"]
[Black "Large, Marcus"]
[BlackElo "903"]
[BlackTeam "MCS Tenners B"]
[Result "0-1"]
[PlyCount "37"]

1. e4 e5 2. Nf3 Nc6 3. Nc3 Nf6 4. Bc4 Bc5 5. d4 exd4 6. Nxd4 Bxd4 7. Bg5 h6 8. Bxf6 Qxf6 9. O-O O-O 10. Nd5 Qg6 11. Nxc7 Rb8 12. Qf3 Bxb2 13. Rab1 Be5 14. Nd5 d6 15. Rfd1 Bg4 16. Qb3 Bxd1 17. Rxd1 Nd4 18. Qb5 Nxb5 19. Bxb5 0-1

[Event "Junior Online 4NCL Division 5"]
[Site "online"]
[Date "2021.04.15"]
[EventDate "2021.04.15"]
[Round "7.323"]
[White "Davies, Fox"]
[WhiteElo "963"]
[WhiteTeam "MCS Tenners B"]
[Black "Squirrell, Baxter"]
[BlackElo "880"]
[BlackTeam "Young Dragons D"]
[Result "0-1"]
[PlyCount "52"]

1. e3 g6 2. Qg4 Nf6 3. Qd4 Nc6 4. Qc3 e5 5. Bb5 Bb4 6. Qc4 Ba5 7. Ba4 Nb4 8. Bb3 O-O 9. c3 Nc6 10. Nf3 d5 11. Qh4 Bf5 12. Ng5 Bxb1 13. Rxb1 d4 14. exd4 exd4 15. cxd4 Qe8+ 16. Kd1 Bb6 17. Bxf7+ Rxf7 18. Nxf7 Qxf7 19. Qg3 Nxd4 20. Qc3 Qxa2 21. Qd3 Rf8 22. b4 Ng4 23. Rf1 Rxf2 24. Re1 Rf8 25. Rb2 Qa4+ 26. Rc2 Nf2# 0-1

[Event "Junior Online 4NCL Division 5"]
[Site "online"]
[Date "2021.04.15"]
[EventDate "2021.04.15"]
[Round "7.324"]
[White "Dafydd, Gruff"]
[WhiteElo "700"]
[WhiteTeam "Young Dragons D"]
[Black "King Bravo, Tomas"]
[BlackElo "846"]
[BlackTeam "MCS Tenners B"]
[Result "0-1"]
[PlyCount "54"]

1. e4 e5 2. Nf3 Nc6 3. Bc4 Bc5 4. Nc3 Nf6 5. Ng5 d5 6. exd5 Nxd5 7. Nxd5 f6 8. Ne4 Bf5 9. Nxc5 b6 10. Nb7 Qc8 11. Nc5 bxc5 12. Nf4 exf4 13. Qf3 Nd4 14. Qe3+ fxe3 15. Bf7+ Kxf7 16. fxe3 Nxc2+ 17. Kf1 Nxa1 18. Ke2 Qd7 19. Kf3 Qd5+ 20. Kf4 Qe4+ 21. Kg3 Qg4+ 22. Kf2 Rad8 23. Kf1 Rd6 24. Kg1 Nc2 25. h3 Qe2 26. e4 Bxe4 27. h4 Qxg2# 0-1

[Event "Junior Online 4NCL Division 5"]
[Site "online"]
[Date "2021.04.15"]
[EventDate "2021.04.15"]
[Round "7.325"]
[White "Choung, James Alexander"]
[WhiteElo "900"]
[WhiteTeam "Young Dragons D"]
[Black "Chandrashekhar, Prithvi"]
[BlackElo "1000"]
[BlackTeam "MCS Tenners B"]
[Result "1-0"]
[PlyCount "65"]

1. e4 e5 2. Nf3 Bc5 3. Nxe5 Qf6 4. Nf3 g5 5. d4 Bb6 6. Bxg5 Ba5+ 7. c3 Qe6 8. Nbd2 Qb6 9. b3 Bxc3 10. Rc1 Bb2 11. Rc2 Ba3 12. Nc4 Qb4+ 13. Bd2 Qb5 14. Nxa3 Qh5 15. Rxc7 Na6 16. Rc4 f6 17. Be2 b5 18. Rc2 f5 19. Nxb5 fxe4 20. Nd6+ Ke7 21. Nxe4 Rb8 22. Nfg5 Qh6 23. Nf3 Qg6 24. Bg5+ Nf6 25. Bxf6+ Kf7 26. Bxh8 Nb4 27. Ne5+ Ke6 28. Nxg6 Nxc2+ 29. Qxc2 Rb4 30. Bc4+ Kf5 31. Nd6+ Kg5 32. Qf5+ Kh6 33. Nf7# 1-0

[Event "Junior Online 4NCL Division 5"]
[Site "online"]
[Date "2021.04.15"]
[EventDate "2021.04.15"]
[Round "7.327"]
[White "Squirrell, Baxter"]
[WhiteElo "880"]
[WhiteTeam "Young Dragons D"]
[Black "Davies, Fox"]
[BlackElo "963"]
[BlackTeam "MCS Tenners B"]
[Result "1-0"]
[PlyCount "55"]

1. e4 e6 2. Nf3 Bc5 3. d4 Bb6 4. Nc3 Ba5 5. Bf4 Bxc3+ 6. bxc3 Qf6 7. Qc1 b6 8. Bc4 Ba6 9. Bxa6 Nxa6 10. O-O Qg6 11. Rb1 Qxe4 12. Qe1 Qxc2 13. Rc1 Qxa2 14. Ra1 Qc4 15. Ne5 Qb5 16. Rb1 Qa5 17. Ra1 Qb5 18. Qb1 Qe2 19. Qe1 Qh5 20. Rxa6 Qf5 21. Qe3 d6 22. Nc6 Qb5 23. Raa1 Qxc6 24. Qf3 d5 25. Rfe1 Qd7 26. c4 O-O-O 27. Rxa7 h5 28. Rxc7+ 1-0

[Event "Junior Online 4NCL Division 5"]
[Site "online"]
[Date "2021.04.15"]
[EventDate "2021.04.15"]
[Round "7.328"]
[White "King Bravo, Tomas"]
[WhiteElo "846"]
[WhiteTeam "MCS Tenners B"]
[Black "Dafydd, Gruff"]
[BlackElo "700"]
[BlackTeam "Young Dragons D"]
[Result "1-0"]
[PlyCount "43"]

1. e4 e5 2. Nf3 Nc6 3. Bc4 Nf6 4. Ng5 d5 5. exd5 Nxd5 6. Qf3 f6 7. Ne6 Bxe6 8. Bxd5 Bxd5 9. Qd3 Nb4 10. Qc3 Bxg2 11. Rg1 Bf3 12. a3 Qd4 13. axb4 Qxf2+ 14. Kxf2 b6 15. Qxf3 Bxb4 16. Qxa8+ Kd7 17. Qxh8 Bc5+ 18. Kf1 Bxg1 19. Kxg1 f5 20. Qxg7+ Kc8 21. Rxa7 Kb8 22. Qxc7# 1-0

[Event "Junior Online 4NCL Division 5"]
[Site "online"]
[Date "2021.04.15"]
[EventDate "2021.04.15"]
[Round "7.331"]
[White "Wilkinson, Bernard"]
[WhiteElo "1105"]
[WhiteTeam "Cambridge Chess & Go C"]
[Black "Shah, Kian"]
[BlackElo "925"]
[BlackTeam "Harrow Juniors H"]
[Result "1-0"]
[PlyCount "33"]

1. e4 e5 2. Bc4 d5 3. exd5 Qxd5 4. Bxd5 Bf5 5. Bxb7 Nc6 6. Bxc6+ Kd8 7. Bxa8 c6 8. Qh5 g6 9. Qg5+ f6 10. Qe3 Kc7 11. Qxa7+ Kd6 12. Qb8+ Kc5 13. Qxf8+ Ne7 14. Qxe7+ Kd4 15. Bxc6 Bxc2 16. Qb4+ Kd3 17. Be4# 1-0

[Event "Junior Online 4NCL Division 5"]
[Site "online"]
[Date "2021.04.15"]
[EventDate "2021.04.15"]
[Round "7.332"]
[White "Parikh, Aadhya"]
[WhiteElo "1000"]
[WhiteTeam "Harrow Juniors H"]
[Black "Syposz, Iza"]
[BlackElo "1007"]
[BlackTeam "Cambridge Chess & Go C"]
[Result "1-0"]
[PlyCount "69"]

1. e4 e5 2. Nf3 d6 3. Nc3 Nf6 4. Bc4 Qd7 5. d3 c5 6. Bg5 h6 7. Bxf6 gxf6 8. O-O Nc6 9. h3 Bg7 10. Nh4 O-O 11. Nf5 Na5 12. Qh5 Nxc4 13. dxc4 Qd8 14. Nd5 Bxf5 15. Qxf5 b6 16. a4 a5 17. b3 h5 18. Qxh5 Ra7 19. Rfd1 Rb7 20. Rd3 f5 21. Rg3 f4 22. Rg4 Ra7 23. Nxb6 Qxb6 24. Rh4 f6 25. Qh7+ Kf7 26. Rg4 Rg8 27. Rg6 Qb8 28. f3 Ke6 29. Re1 d5 30. exd5+ Kd6 31. Rd1 Kd7 32. Re1 Kc7 33. Kf2 Kb6 34. Kf1 Ka6 35. Kf2 1-0

[Event "Junior Online 4NCL Division 5"]
[Site "online"]
[Date "2021.04.15"]
[EventDate "2021.04.15"]
[Round "7.333"]
[White "Mole, Tommy"]
[WhiteElo "1000"]
[WhiteTeam "Cambridge Chess & Go C"]
[Black "Benhamou, Ilan"]
[BlackElo "900"]
[BlackTeam "Harrow Juniors H"]
[Result "1-0"]
[PlyCount "75"]

1. e4 e5 2. Bc4 f6 3. Qh5+ g6 4. Qf3 Qe7 5. Ne2 Nc6 6. b3 Nd4 7. Qc3 Qc5 8. Ba3 Qb6 9. Nxd4 exd4 10. Qd3 Bxa3 11. Nxa3 d6 12. Bxg8 Rxg8 13. Qf3 Qa6 14. Nc4 Be6 15. d3 Bxc4 16. dxc4 Qb6 17. O-O Qc5 18. Qxf6 Rf8 19. Qe6+ Kd8 20. a3 Qa5 21. b4 Qa4 22. Rfc1 Qc6 23. c3 Qe8 24. Qg4 Rf7 25. cxd4 Re7 26. d5 Rxe4 27. Qh3 Ke7 28. Qxh7+ Kf6 29. Qxc7 Qe5 30. Qxb7 Rf4 31. Qxa8 Rf5 32. Qxa7 Qe4 33. Re1 Rg5 34. Rxe4 Rh5 35. Qe7+ Kf5 36. Qe6+ Kg5 37. Rg4+ Kh6 38. Qxg6# 1-0

[Event "Junior Online 4NCL Division 5"]
[Site "online"]
[Date "2021.04.15"]
[EventDate "2021.04.15"]
[Round "7.334"]
[White "Cann, Harriet"]
[WhiteElo "925"]
[WhiteTeam "Harrow Juniors H"]
[Black "Vysohlid, Peter"]
[BlackElo "886"]
[BlackTeam "Cambridge Chess & Go C"]
[Result "0-1"]
[PlyCount "32"]

1. e3 e5 2. Bb5 Nf6 3. Bxd7+ Bxd7 4. Nf3 Nc6 5. Nc3 Bf5 6. O-O Bc5 7. Re1 O-O 8. e4 Bg4 9. Nxe5 Bxd1 10. Rxd1 Qd4 11. d3 Qxf2+ 12. Kh1 Nxe5 13. Bf4 Qxf4 14. Nd5 Nxd5 15. exd5 Nf3 16. gxf3 Qxf3# 0-1

[Event "Junior Online 4NCL Division 5"]
[Site "online"]
[Date "2021.04.15"]
[EventDate "2021.04.15"]
[Round "7.335"]
[White "Shah, Kian"]
[WhiteElo "925"]
[WhiteTeam "Harrow Juniors H"]
[Black "Wilkinson, Bernard"]
[BlackElo "1105"]
[BlackTeam "Cambridge Chess & Go C"]
[Result "0-1"]
[PlyCount "60"]

1. e4 e5 2. Qh5 Qf6 3. Bc4 Bc5 4. Qxf7+ Qxf7 5. Bxf7+ Kxf7 6. d4 Bxd4 7. c3 Bc5 8. b4 Bb6 9. c4 Bd4 10. Nc3 Bxc3+ 11. Ke2 Bxa1 12. c5 c6 13. g4 Nf6 14. Bg5 Nxe4 15. f3 Nxg5 16. h4 Ne6 17. Nh3 Nf4+ 18. Ke3 Bd4+ 19. Ke4 d5+ 20. cxd6 Nxh3 21. Rxh3 Rd8 22. d7 Bxd7 23. f4 Bxg4 24. Rg3 Nd7 25. Rxg4 Nf6+ 26. Kf5 g6+ 27. Kg5 h6+ 28. Kxh6 Nxg4+ 29. Kh7 exf4 30. a4 Rh8# 0-1

[Event "Junior Online 4NCL Division 5"]
[Site "online"]
[Date "2021.04.15"]
[EventDate "2021.04.15"]
[Round "7.336"]
[White "Syposz, Iza"]
[WhiteElo "1007"]
[WhiteTeam "Cambridge Chess & Go C"]
[Black "Parikh, Aadhya"]
[BlackElo "1000"]
[BlackTeam "Harrow Juniors H"]
[Result "0-1"]
[PlyCount "132"]

1. e4 e5 2. f3 Nc6 3. Nh3 Nf6 4. Bd3 Bc5 5. b3 d6 6. Bb2 O-O 7. Nc3 Bxh3 8. gxh3 Nd4 9. Nd5 Nxd5 10. exd5 Qf6 11. Rf1 Qh4+ 12. Rf2 Qxh3 13. Bc4 Nf5 14. Qe2 Bxf2+ 15. Qxf2 Nh4 16. O-O-O Nxf3 17. Be2 Nxh2 18. Rh1 Qd7 19. Rxh2 f6 20. Qh4 c6 21. dxc6 bxc6 22. Bc4+ Rf7 23. Qxh7+ Kf8 24. Qh8+ Ke7 25. Qxa8 Rf8 26. Qxf8+ Kxf8 27. Rh8+ Ke7 28. Rh7 Qg4 29. c3 Qg1+ 30. Kc2 d5 31. Bd3 Kf7 32. c4 Ke6 33. cxd5+ cxd5 34. Rh8 g5 35. b4 g4 36. Re8+ Kf7 37. Ra8 g3 38. Rxa7+ Ke6 39. b5 g2 40. Ra6+ Kf7 41. Ra4 Qh1 42. Bd4 exd4 43. Rxd4 g1=Q 44. Rxd5 Qc1+ 45. Kb3 Qxd2 46. Rd7+ Ke6 47. Rd8 Qh3 48. Ka4 Qdxd3 49. Rxd3 Qxd3 50. Ka5 Qa3+ 51. Kb6 Kd5 52. Kb7 Qxa2 53. b6 Kc5 54. Kc7 Qb2 55. b7 f5 56. b8=Q Qxb8+ 57. Kxb8 f4 58. Kc7 f3 59. Kd7 f2 60. Kc7 f1=Q 61. Kd7 Qf7+ 62. Kc8 Qe7 63. Kb8 Qd7 64. Ka8 Kb6 65. Kb8 Qc7+ 66. Ka8 Qb7# 0-1

[Event "Junior Online 4NCL Division 5"]
[Site "online"]
[Date "2021.04.15"]
[EventDate "2021.04.15"]
[Round "7.337"]
[White "Benhamou, Ilan"]
[WhiteElo "900"]
[WhiteTeam "Harrow Juniors H"]
[Black "Mole, Tommy"]
[BlackElo "1000"]
[BlackTeam "Cambridge Chess & Go C"]
[Result "0-1"]
[PlyCount "46"]

1. d4 e6 2. Nf3 d5 3. e3 c6 4. Bd3 Nf6 5. Ne5 Qe7 6. Qf3 Nbd7 7. Nxd7 Bxd7 8. Qf4 g6 9. Qc7 Qb4+ 10. c3 Qb6 11. Qe5 Bg7 12. O-O O-O 13. Qd6 Ne8 14. Qxe6 fxe6 15. Re1 Qd8 16. Rf1 e5 17. b3 exd4 18. exd4 Bf5 19. Nd2 Bxd3 20. Re1 Qf6 21. Nf3 Be4 22. Nh4 Qxf2+ 23. Kh1 Qxe1# 0-1